| 000 | 00879nam a2200253 a 4500 | ||
|---|---|---|---|
| 001 | 59271 | ||
| 003 | BD-RjUL | ||
| 005 | 20211209080718.0 | ||
| 008 | 161222s2004 enkab b 001 0 eng | ||
| 020 | _a0195138058 (alk. paper) | ||
| 035 | _a(BD-RjUL) 59395 | ||
| 040 |
_aDLC _cDLC _dDLC _dBD-RjUL _beng |
||
| 041 | _aeng | ||
| 082 | 0 | 0 |
_a361.2 _223 _bBOH 2004 |
| 100 | 1 |
_aBornstein, David. _9176288 |
|
| 245 | 1 | 0 |
_aHow to change the world : _bsocial entrepreneurs and the power of new ideas / _cDavid Bornstein. |
| 260 |
_aOxford ; _aNew York : _bOxford University Press, _cc2004. |
||
| 300 |
_axi, 320 p. : _bill. ; _c25 cm. |
||
| 504 | _aIncludes bibliographical references (p. 283-312) and index. | ||
| 650 | 0 |
_aSocial action _vCase studies. _9176289 |
|
| 650 | 0 |
_aSocial service _vCase studies. _9176290 |
|
| 650 | 0 |
_aSocial reformers _vCase studies. _9176291 |
|
| 942 |
_2ddc _cBK |
||
| 999 |
_c59271 _d59271 |
||